000
00323nam a2200121Ia 4500
005
20250423101355.0
008
250422s9999 xx 000 0 und d
020
_a
975-7307-58-0
245
4
_a
The Ottomans: A Brief Story of a World Empire
260
_b
Ministry of Foreign Affairs of Turkey
260
_c
2000
942
_c
BK
999
_c
36118
_d
36118